000 00877nam a2200241Ia 4500
003 GCL
008 140319s9999 xx 000 0 ara d
020 _a1217005977
040 _aGCL /
_cGCL
082 0 4 _a616.85262
_bم ف
100 1 _aمجدى محمد الدسوقى
245 1 0 _aفقدان الشهية العصبى :
_bالاسباب - التشخيص - الوقاية والعلاج /
_cمجدى محمد الدسوقى
260 _aالقاهرة :
_bمكتبة الانجلوالمصرية ،
_c2006
300 _a162 ص ؛
_c24 سم
490 _aسلسلة الاضطرابات النفسية
_v3
650 0 4 _aالاضطرابات النفسية
650 0 4 _aامراض النقص
650 0 4 _aسوء التغذية
650 0 4 _aالتغذية - امراض
650 0 4 _aالشهية - اضطرابات
650 0 4 _aالحمية
942 _2ddc
_cBK
999 _c9798
_d9798